|
|
|
|
| LEADER |
00981nam a22002297a 4500 |
| 001 |
38276 |
| 003 |
BD-DhAAL |
| 008 |
220331t2013 bg ||||| |||| 00| 0 ben d |
| 999 |
|
|
|c 43922
|d 43922
|
| 040 |
|
|
|a BD-DhAAL
|c BD-DhAAL
|
| 041 |
|
|
|a ben
|
| 082 |
|
|
|a 338.47095492
|
| 100 |
|
|
|a হাসান, সৈয়দ রাশিদুল
|9 47562
|
| 245 |
|
|
|a পর্যটনের দশ দিগন্ত /
|c সৈয়দ রাশিদুল হাসান
|
| 246 |
|
|
|a Porjotoner dos diganto
|
| 260 |
|
|
|a ঢাকা :
|b লেখালেখি,
|c ২০১৩.
|
| 300 |
|
|
|a ৯৯ পৃষ্ঠা ;
|c ২২ সে.মি.
|
| 541 |
|
|
|a Donated By Akbar Ali Khan
|e 38276
|
| 650 |
|
|
|a Tourism
|z Bangladesh.
|9 47563
|
| 852 |
|
|
|a Ayesha Abed Library
|c Akbar Ali Khan Collection
|
| 942 |
|
|
|2 ddc
|c BK
|
| 952 |
|
|
|0 0
|1 0
|2 ddc
|4 0
|6 338_470954920000000_HAS
|7 1
|9 70321
|a BRACUL
|b BRACUL
|c AAKC
|d 2022-03-31
|e Donated by Akbar Ali Khan
|l 0
|o 338.47095492 HAS
|p 3010038276
|r 2022-03-31
|t 1
|w 2022-03-31
|y BK
|